I will go with my family : (Record no. 24607)
[ view plain ]
| 000 -LEADER | |
|---|---|
| fixed length control field | 01396nam a22003857a 4500 |
| 003 - CONTROL NUMBER IDENTIFIER | |
| control field | AUA.1 |
| 005 - DATE AND TIME OF LATEST TRANSACTION | |
| control field | 20260226131705.0 |
| 008 - FIXED-LENGTH DATA ELEMENTS--GENERAL INFORMATION | |
| fixed length control field | 240416b |||||||| |||| 00| 0 eng d |
| 020 ## - INTERNATIONAL STANDARD BOOK NUMBER | |
| International Standard Book Number | 9780828028967 |
| 040 ## - CATALOGING SOURCE | |
| Transcribing agency | JTL |
| 050 ## - LIBRARY OF CONGRESS CALL NUMBER | |
| Classification number | BV4438 |
| Item number | .O46 2022 |
| 245 ## - TITLE STATEMENT | |
| Title | I will go with my family : |
| Remainder of title | families and mental health / |
| Statement of responsibility, etc | Willie and Elaine Oliver (eds). |
| 260 ## - PUBLICATION, DISTRIBUTION, ETC. (IMPRINT) | |
| Place of publication, distribution, etc | United States of America : |
| Name of publisher, distributor, etc | Review and Herald Publishing, |
| Date of publication, distribution, etc | c2022 |
| 300 ## - PHYSICAL DESCRIPTION | |
| Extent | vii, 185 p. : |
| Dimensions | 26cm |
| 650 ## - SUBJECT ADDED ENTRY--TOPICAL TERM | |
| Topical term or geographic name as entry element | Church work with families |
| 650 ## - SUBJECT ADDED ENTRY--TOPICAL TERM | |
| Topical term or geographic name as entry element | Mental health |
| Form subdivision | Religious aspects |
| General subdivision | Christianity |
| 700 ## - ADDED ENTRY--PERSONAL NAME | |
| Personal name | Oliver, Willie |
| Relator term | Editor |
| 700 ## - ADDED ENTRY--PERSONAL NAME | |
| Personal name | Oliver, Elaine |
| Relator term | Editor |
| 700 ## - ADDED ENTRY--PERSONAL NAME | |
| Personal name | Baltazar, Alina |
| Relator term | Contributor |
| 700 ## - ADDED ENTRY--PERSONAL NAME | |
| Personal name | Brown, Jeff |
| Relator term | Contributor |
| 700 ## - ADDED ENTRY--PERSONAL NAME | |
| Personal name | Weakley, Katelyn Campbell |
| Relator term | Contributor |
| 700 ## - ADDED ENTRY--PERSONAL NAME | |
| Personal name | Consuegra, Claudio |
| Relator term | Contributor |
| 700 ## - ADDED ENTRY--PERSONAL NAME | |
| Personal name | Consuegra, Pamela |
| Relator term | Contributor |
| 700 ## - ADDED ENTRY--PERSONAL NAME | |
| Personal name | Fraser, Jasmine |
| Relator term | Contributor |
| 700 ## - ADDED ENTRY--PERSONAL NAME | |
| Personal name | Jacobson-Venn, Dawn |
| Relator term | Contributor |
| 700 ## - ADDED ENTRY--PERSONAL NAME | |
| Personal name | Kidder, Joseph |
| Relator term | Contributor |
| 700 ## - ADDED ENTRY--PERSONAL NAME | |
| Personal name | McEdward, Rick |
| Relator term | Contributor |
| 700 ## - ADDED ENTRY--PERSONAL NAME | |
| Personal name | Nixon, John |
| Relator term | Contributor |
| 700 ## - ADDED ENTRY--PERSONAL NAME | |
| Personal name | Ostring, Sven |
| Relator term | Contributor |
| 700 ## - ADDED ENTRY--PERSONAL NAME | |
| Personal name | Salyers, Mindy |
| Relator term | Contributor |
| 700 ## - ADDED ENTRY--PERSONAL NAME | |
| Personal name | Sedlacek, David |
| Relator term | Contributor |
| 700 ## - ADDED ENTRY--PERSONAL NAME | |
| Personal name | Sedlacek, Beverly |
| Relator term | Contributor |
| 700 ## - ADDED ENTRY--PERSONAL NAME | |
| Personal name | Youngberg, John B. |
| Relator term | Contributor |
| 942 ## - ADDED ENTRY ELEMENTS (KOHA) | |
| Source of classification or shelving scheme | Library of Congress Classification |
| Koha item type | Books |
| Classification part | BV 4438 |
| Item part | .O46 2022 |
| Withdrawn status | Lost status | Source of classification or shelving scheme | Damaged status | Not for loan | Collection code | Home library | Current library | Shelving location | Date acquired | Source of acquisition | Cost, normal purchase price | Serial Enumeration / chronology | Total Checkouts | Full call number | Barcode | Date last seen | Cost, replacement price | Price effective from | Koha item type |
|---|---|---|---|---|---|---|---|---|---|---|---|---|---|---|---|---|---|---|---|
| Library of Congress Classification | Books | Judith Thomas Library | Judith Thomas Library | General Stacks | 16/04/2024 | Donation, General Conference of Seventh-day Adventists | 15.00 | AUA26708 | BV 4438 .O46 2022 | AUA26708 | 16/04/2024 | 15.00 | 16/04/2024 | Books |